000 00366nam a2200145Ia 4500
008 241014s9999||||xx |||||||||||||| ||und||
020 _aN/A
060 _aQT 104 H 2001
100 _aHall, John E.
245 0 _aGuyton and Hall Textbook of medical physiology.
250 _a10th
260 _bSaunders, Elsevier
_c2001
650 _aPhysiology
942 _bDIMC
_cBK
999 _c10456
_d10456